Čo môže a čo nemôže byť ochrannou známkou

Marec 1997 - účinnosť nadobudol zákon č. 55/1997 Z. z. o ochranných známkach. Zdôvodnenie nového zákona. Vyšpecifikovanie ochrannej známky. Kategórie ochranných známok. Vymedzenie označení, ktoré podľa zákona nemožno uznať za ochrannú známku.

Salvato in:
Dettagli Bibliografici
Autore principale: Holakovský, Štefan
Natura: Capitolo di libro
Lingua:slovacco
Soggetti:
Tags: Aggiungi Tag
Nessun Tag, puoi essere il primo ad aggiungerne!!

MARC

LEADER 00000naa a2200000 4500
001 r027089
005 20230921081233.3
041 0 |a slo 
044 |a SK 
245 1 0 |a Čo môže a čo nemôže byť ochrannou známkou  |c Š. Holakovský 
520 |a Marec 1997 - účinnosť nadobudol zákon č. 55/1997 Z. z. o ochranných známkach. Zdôvodnenie nového zákona. Vyšpecifikovanie ochrannej známky. Kategórie ochranných známok. Vymedzenie označení, ktoré podľa zákona nemožno uznať za ochrannú známku. 
610 2 0 |a známky ochranné 
610 2 0 |a predpisy právne 
610 2 0 |a zákony 
610 2 0 |a Slovensko 
610 2 0 |a 1997 
100 1 |a Holakovský, Štefan